International financial management / (Record no. 52746)

MARC details
000 -LEADER
fixed length control field 01089nam a22002897a 4500
005 - DATE AND TIME OF LATEST TRANSACTION
control field 2011060606146.0
008 - FIXED-LENGTH DATA ELEMENTS--GENERAL INFORMATION
fixed length control field 110606t xxu||||| |||| 00| 0 eng d
010 ## - LCCN (DPL NO)
LC control number ENG-102548
020 ## - INTERNATIONAL STANDARD BOOK NUMBER
International Standard Book Number 9789350249130
Terms of availability 320.00
035 ## - SYSTEM CONTROL NUMBER
System control number EN-86081
037 ## - SOURCE OF ACQUISITION
Source of stock number/acquisition DBAD/PUB
040 ## - CATALOGING SOURCE
Original cataloging agency DPL
Language of cataloging Eng
082 ## - DEWEY DECIMAL CLASSIFICATION NUMBER
Classification number 658.1599
100 ## - MAIN ENTRY--PERSONAL NAME
9 (RLIN) 28359
Personal name Agarwal, O. P.
245 ## - TITLE STATEMENT
Title International financial management /
Statement of responsibility, etc by O. P. Agarwal
250 ## - EDITION STATEMENT
Edition statement 2nd rev. ed
260 ## - PUBLICATION, DISTRIBUTION, ETC. (IMPRINT)
Place of publication, distribution, etc Mumbai
Name of publisher, distributor, etc Himalaya Publishing House
Date of publication, distribution, etc 2011
270 ## - ADDRESS
Address "Ramdoot", Dr. Bhalerao Marg, Girgaon
City Mumbai
Postal code 400004
Telephone number 022-23860170/23863863
300 ## - PHYSICAL DESCRIPTION
Extent 426p.
Dimensions 24 cm (pbk)
500 ## - GENERAL NOTE
General note Includes bibliographical references
600 ## - SUBJECT ADDED ENTRY--PERSONAL NAME
9 (RLIN) 28449
650 ## - SUBJECT ADDED ENTRY--TOPICAL TERM
9 (RLIN) 28360
700 ## - ADDED ENTRY--PERSONAL NAME
9 (RLIN) 28362
942 ## - ADDED ENTRY ELEMENTS (KOHA)
Source of classification or shelving scheme Dewey Decimal Classification
Item type English Books
Call number suffix AGA
Classification part 658.1599
Holdings
Withdrawn status Lost status Source of classification or shelving scheme Damaged status Not for loan Collection code Home library Current library Date acquired Source of acquisition Cost, normal purchase price Total Checkouts Full call number Barcode Date last seen Copy number Cost, replacement price Koha item type
    Dewey Decimal Classification   Not For Loan Non-fiction D.B.Act.Division D.B.Act.Division 06/06/2011 DBAD/PUB 320.00   658.1599 AGA EN-86081 06/06/2011 1 320.00 English Books

© Delhi Public Library
Hit Counter
free hit counter